000 00542nam a2200169Ia 4500
001 137904
003 229985
005 20201025200059.0
008 ||||||n9999 ||| || ||
082 _a350722
100 _aBautista Sierra, Rivay Eduardo
_9168690
245 0 _aComportamiento presupuestal del municipio de Piedecuesta 2007 - 2009
562 _e1
650 _aPRESUPUESTO MUNICIPAL--PIEDECUESTA (SANTANDER, COLOMBIA)
_9168691
650 _aPRESUPUESTO PÚBLICO--PIEDECUESTA (SANTANDER, COLOMBIA)
_9168692
942 _cTESIS
999 _c137904
_d137904